000 01448nam a2200265Ia 4500
999 _c53211
_d53211
001 20252
003 GE_BSU
005 20200727130654.0
008 181216s2017||||ge |||||||||||||| ||geo||
020 _a9789941462436
040 _cGE_BSU
041 _ageo
080 _a371.12.011(479.223) დ-90
100 _aდუმბაძე, სერგო
_91492
245 _aდაუვიწყარი პედაგოგი სკენდერ ბაჯელიძის ცხოვრება და პედაგოგიური მოღვაწეობა :
_bნაშრომი /
_cსერგო დუმბაძე, ნიკოლოზ დუმბაძე ; რედ. ნოდარ ბასილაძე.
264 _aბათუმი :
_bბათუმის შოთა რუსთაველის სახ. უნ-ტი,
_c2017.
300 _a237 გვ. :
_bილ. ;
_c 21 სმ.
541 _h9ლ.72თ.
653 _aდაუვიწყარი პედაგოგი
653 _aსკენდერ ბაჯელიძის ცხოვრება და პედაგოგიური მოღვაწეობა
653 _aპედაგოგიკა
700 _aდუმბაძე, ნიკოლოზ
_eავტორი
_99048
700 _a ბასილაძე, ნოდარ
_eრედაქტორი
_99049
942 _cBK
_2udc